Sermones del P. Carlos Frey de Neuville predicador de Luis XV. Rey de Francia

Detalles Bibliográficos
Autor principal: Frey de Neuville, Charles 1693-1774
Otros Autores: Pellicer, Juan Antonio (tr.)
Formato: Libro
Lenguaje:Spanish
Publicado: en Madrid 1786-1789
Edición:Segunda edicion
Materias:
Colección:Banco de datos
Acervo:Biblioteca de la Congregación del Oratorio de San Felipe Neri de México. Iglesia La Profesa
Descripción Física:8 t. 4°
Tema general:Homilética
Notas:Portada tipográfica. Texto a renglón seguido con notas a pie de página. Tomo con portada y numeración propias. Año del t. 1 publicado en 1788. Paginación: t. 1 [6] h., 331 p. Encuadernación en pergamino sobre cartón. Ex libris manuscrito en la guarda anterior: "Dr. Fuentes". Sello en tinta del Oratorio de San Felipe Neri de México. Biblioteca La Profesa, D.F. Daños en la encuadernación
LEADER 01245nam a22002170004500
035 |a 1438 
041 0 |a spa 
100 1 |a Frey de Neuville, Charles  |d 1693-1774 
245 1 0 |a Sermones del P. Carlos Frey de Neuville predicador de Luis XV. Rey de Francia  |c traducidos del frances por D. Juan Antonio Pellicer de la Real Biblioteca 
250 |a Segunda edicion 
260 |a en Madrid  |b por Don Blas Roman, impresor de la Real Academia de Derecho Español y Publico  |c 1786-1789 
300 |a 8 t.  |c 4° 
500 |a Portada tipográfica. Texto a renglón seguido con notas a pie de página. Tomo con portada y numeración propias. Año del t. 1 publicado en 1788. Paginación: t. 1 [6] h., 331 p. Encuadernación en pergamino sobre cartón. Ex libris manuscrito en la guarda anterior: "Dr. Fuentes". Sello en tinta del Oratorio de San Felipe Neri de México. Biblioteca La Profesa, D.F. Daños en la encuadernación  
505 0 0 |a t. 1 Adviento 
504 |a Índice de contenido 
650 1 0 |a Homilética 
700 1 |a Pellicer, Juan Antonio  |e tr. 
949 |a Iglesia La Profesa, Biblioteca t. 1 (2363) 
942 |c PROFESA 
943 |g Biblioteca de la Congregación del Oratorio de San Felipe Neri de México. Iglesia La Profesa 
999 |c 948249  |d 948249